01162 2200373 4500001002100000005001500021035002000036007000300056040001700059100002300076245013600099300003400235020002200269041000800291082001000299084001600309090001900325264003100344336002100375337003000396338002300426650003600449850001000485008004100495504002400536250001000560500003200570700004200602700003600644700003900680990002300719990002300742990002300765INLIS00000000000482320260516112512 a0010-0122000455ta aSBPUPADbind0 aSusantoePengarang1 aPanduan Pengembangan Desa dan Kelurahan Ramah Anak /cPengarang, Susanto, Editor, Noorayni Rahmawati, Hijrah Ahmad, Adhika Prasetya axiv, 103 hal. ;c14,5 x 21 cm a978-602-486-582-5 aind a307.1 a307.1 SUS p a215 ZAG p 2-13 aJakarta :bErlangga,c2019 2rdacontentaTeks 2rdamediaaTanpa Perantara 2rdacarrieraVolume 4aPengembangan Desa dan Kelurahan aPUPAD260516 0  aBibliografi, hlm 97 acet.4 aTentang penulis, 99-100 hal0 aeditor, Noorayni RahmawatiePengarang0 aeditor, Hijrah AhmadePengarang0 aeditor, Adhika PrasetyaePengarang a36.095/Br/DPK/2018 a36.096/Br/DPK/2018 a36.097/Br/DPK/2018